महापुरूषों के हास्य-व्यंग्य / (Record no. 62593)
[ view plain ]
| 000 -LEADER | |
|---|---|
| fixed length control field | 00743nam a22001577a 4500 |
| 005 - DATE AND TIME OF LATEST TRANSACTION | |
| control field | 20120213112123.0 |
| 020 ## - INTERNATIONAL STANDARD BOOK NUMBER | |
| Terms of availability | 100.00 |
| International Standard Book Number | 9788189672317 |
| 100 ## - MAIN ENTRY--PERSONAL NAME | |
| Personal name | चौधरी, अर्चना |
| 245 ## - TITLE STATEMENT | |
| Title | महापुरूषों के हास्य-व्यंग्य / |
| Statement of responsibility, etc | अर्चना चौधरी |
| 260 ## - PUBLICATION, DISTRIBUTION, ETC. (IMPRINT) | |
| Place of publication, distribution, etc | दिल्ली |
| Name of publisher, distributor, etc | सूर्य भारती प्रकाशन |
| Date of publication, distribution, etc | 2010 |
| 270 ## - ADDRESS | |
| Address | 2596, नई सड़क |
| City | दिल्ली |
| Postal code | 110006 |
| Telephone number | 23266412 |
| 300 ## - PHYSICAL DESCRIPTION | |
| Extent | 72पृ. |
| Dimensions | 22सेमी (सजिल्द) |
| Other physical details | सचित्र |
| 700 ## - ADDED ENTRY--PERSONAL NAME | |
| 9 (RLIN) | 41659 |
| 942 ## - ADDED ENTRY ELEMENTS (KOHA) | |
| Source of classification or shelving scheme | Dewey Decimal Classification |
| Item type | Children Books |
| Call number suffix | चौधरी |
| Withdrawn status | Lost status | Not for loan | Home library | Current library | Date acquired | Cost, normal purchase price | Full call number | Cost, replacement price | Koha item type |
|---|---|---|---|---|---|---|---|---|---|
| Ordered | Andrews Gunj | Andrews Gunj | 13/02/2012 | 100.00 | चौधरी | 100.00 | Children Books |
